| 000 | 00550nam a2200205 i 4500 | ||
|---|---|---|---|
| 001 | sa 64008822 | ||
| 003 | DLC | ||
| 005 | 20260227112057.0 | ||
| 008 | 850319s1945 pk 00010 urdo | ||
| 010 | _asa 64008822 //r85 | ||
| 050 | 0 |
_aPK2199.A8 _bS68 |
|
| 100 | 1 | 0 |
_aAslam, Muhammad, _d1885- |
| 245 | 1 | 0 |
_aSoz-i ʻishq, yā, Rām kalī / _cEm. Aslam. |
| 260 | 0 |
_aLāhaur : _bDār al-Balāg̲h̲, _c[1945] |
|
| 300 |
_a288 p. ; _c19 cm. |
||
| 500 | _aNovel. | ||
| 500 | _aIn Urdu. | ||
| 500 | _aText partially vocalized. | ||
| 740 | 0 | 1 | _aRām kalī. |
| 999 |
_c61062 _d61062 |
||